| 000 | 00792nam a22002537a 4500 | ||
|---|---|---|---|
| 005 | 20170123162324.0 | ||
| 010 | _aA-482228 | ||
| 020 | _c00.00 | ||
| 035 | _aA-482228 | ||
| 037 | _bCen Lib/Ret | ||
| 040 |
_aDPL _bUR |
||
| 082 |
_aک _bچ ا و |
||
| 100 |
_aچاولہ، ہرچرن _9118548 |
||
| 245 |
_aدل دماغ اوردنیا / _c ہرچرن چاولہ |
||
| 246 |
_aDil dimagh aur dunia / _bby Harcharan Chawla |
||
| 260 |
_aنئی دہلی _b ہرچرن چاولہ _c[s.n.] |
||
| 270 |
_a٣١، تلک نگر _bنئی دہلی _e110018 |
||
| 300 |
_a150p. _c17cm(Hb) |
||
| 650 |
_a ادب - اردو _9118549 |
||
| 650 |
_a اردو کہانیاں _9818 |
||
| 650 |
_aLiterature -- Urdu _9118550 |
||
| 650 |
_aUrdu stories _9118551 |
||
| 942 |
_2ddc _cUR _hک _mچ ا و |
||
| 999 |
_c107301 _d107301 |
||